000 00519nam a2200169Ia 4500
008 230718s9999 xx 000 0 und d
020 _a9789386105530
041 _aeng
082 _a158.1
_bSUN
100 _aSunley J.
_9116625
245 _aIt's Never OK To Kiss The Interviewer
_bAnd Other Secrets To Surviving, Thriving And High Fiving At Work
260 _c2017
_bViva Books
300 _a176
365 _cRs.
_b350.00
700 _aSunley J.
_9116625
906 _dO:0553218-May-2017B:314113-Apr-2017
_cGENRL
_b77
999 _c344668
_d344668